书目信息 |
| 题名: |
自愿经受大海考验的人
|
|
| 作者: | 邦巴尔 著 ;张理林 译 | |
| 分册: | ||
| 出版信息: | 北京 海洋出版社 1983 |
|
| 页数: | 211页 | |
| 开本: | 19cm | |
| 丛书名: | ||
| 单 册: | ||
| 中图分类: | U675.9-49 | |
| 科图分类: | ||
| 主题词: | 船舶操纵--普及读物 | |
| 电子资源: | ||
| ISBN: | ||
| 000 | 00687nam0 2200241 45 | |
| 001 | 0183008411 | |
| 005 | 20060802091544.64 | |
| 010 | @dCNY0.72 | |
| 091 | @b13193.0203 | |
| 100 | @a19950929d1983 em y0chiy0121 ea | |
| 101 | 1 | @achi@cfre |
| 102 | @aCN@b110000 | |
| 105 | @ay z 000yy | |
| 200 | 10 | @a自愿经受大海考验的人@Azi yuan jing shou da hai kao yan de ren@f(法)阿兰·邦巴尔著@g张理林译 |
| 210 | @a北京@c海洋出版社@d1983 | |
| 215 | @a211页@d19cm | |
| 606 | @a船舶操纵@x普及读物 | |
| 690 | @aU675.9-49@v3 | |
| 701 | 1 | @a邦巴尔@Abang ba er@b阿兰@4著 |
| 702 | 0 | @a张理林@Azhang li lin@4译 |
| 801 | 2 | @aCN@bNLC@c20060802 |
| 801 | 0 | @aCN@bTSSF |
| 905 | @a10447@dU675.9-49@e128 | |
| 自愿经受大海考验的人/(法)阿兰·邦巴尔著/张理林译.-北京:海洋出版社,1983 |
| 211页;19cm |
| ISBN :CNY0.72 |
| ● |
| 相关链接 |
|
|
|
|
正题名:自愿经受大海考验的人
索取号:U675.9-49/128
 
预约/预借
| 序号 | 登录号 | 条形码 | 馆藏地/架位号 | 状态 | 备注 |
| 1 | 0439412 | 204394128 | 密集书库/ [索取号:U675.9-49/128] | 在馆 |